000 01032 a2200277 4500
003 Nust
005 20170207154051.0
010 _a 00029369
020 _a0444505024 (alk. paper)
022 _a0444505024
040 _cNust
082 0 0 _a621.367
245 0 0 _aImage and video databases (E-BOOK)
_brestoration, watermarking, and retrieval /
_cA. Hanjalic ... [et al.].
260 _aAmsterdam ;
_aNew York :
_bElsevier Science B. V.,
_c2000.
300 _axx, 445 p. :
_bill. ;
_c25 cm.
440 0 _aAdvances in image communication ;
_v8
650 0 _aDatabase management.
650 0 _aDigital watermarking.
650 0 _aImage processing
_xDigital techniques.
650 0 _aTelecommunications engineering - (E-BOOK)
650 0 _aVideo recordings
651 _aImage and video databases (E-BOOK)
700 1 _aHanjalic, A.
856 4 2 _3Publisher description
_uhttp://www.loc.gov/catdir/enhancements/fy0610/00029369-d.html
856 4 2 _3Table of contents only
_uhttp://www.loc.gov/catdir/enhancements/fy0610/00029369-t.html
942 _2ddc
_cBK
999 _c193138
_d193138